000 00821cam a22002291 4500
001 sa 68020438
003 DLC
005 20260227112724.0
008 760212s1968 xx 10000 engd
010 _asa 68020438 //r85
025 _aPL480:Indo-8056
043 _aa-io---
050 0 _aHD898
_b.S57
082 _a333.7/09598
245 0 4 _aThe Significance of land use survey;
_bproceedings of the discussions ... held in Jogjakarta and Djakarta between International Council of Scientific Unions and Lembaga Ilmu Pengetahuan Indonesia, March 15-March 16, 1968.
260 0 _a[n.p.,
_c1968]
300 _a15 l.
_c27 cm.
650 0 _aLand use
_zIndonesia
_xCongresses.
650 0 _aSurveying
_xCongresses.
710 2 0 _aInternational Council of Scientific Unions.
710 2 0 _aLembaga Ilmu Pengetahuan Indonesia.
999 _c89421
_d89421